000 00368nam a2200157Ia 4500
003 OSt
005 20240327120341.0
008 170524s9999 xx 000 0 und d
020 _a ‎ 8847609607
040 _cIIMTU MEERUT
100 _aBonechi - B. E.
245 0 _aCooking in Bargandin Champagne
260 _bBonechi - B. E.
260 _c2003
942 _2ddc
_c02
999 _c6694
_d6694